ACM transactions on information and system security

Αποθηκεύτηκε σε:
Λεπτομέρειες βιβλιογραφικής εγγραφής
Συγγραφή απο Οργανισμό/Αρχή: Association for Computing Machinery
Μορφή: Περιοδική έκδοση
Γλώσσα:English
Δημοσίευση: New York : Association for Computing Machinery, c1998-
Θέματα:
Ετικέτες: Προσθήκη ετικέτας
Δεν υπάρχουν, Καταχωρήστε ετικέτα πρώτοι!

MARC

LEADER 00000nas a2200000 i 4500
001 1/23032
008 011108c19989999 eng d
022 |a 10949224 
035 |l 10067588 
040 |a GR-MY-UA  |b gre  |e aacr 
041 0 |a eng 
082 0 |a 658.05 
245 1 0 |a ACM transactions on information and system security  |h [περιοδικό] 
246 3 3 |a Transactions on information and system security 
246 3 3 |a Information and system security 
260 |a New York :   |b Association for Computing Machinery,   |c c1998- 
300 |a v.;  |b ill.;  |c 26 cm. 
310 |a Quarterly 
500 |a Η συνδρομή είναι διαθέσιμη σε ηλεκτρονική μορφή από το παγκόσμιο πλέγμα πληροφοριών μέσω του HEALLINK 
650 0 0 |a Data protection  |x Periodicals. 
650 0 0 |a Computer security  |x Periodicals. 
650 0 0 |a Data encryption (Computer science)  |x Periodicals. 
650 0 0 |a Information storage and retrieval systems  |x Periodicals. 
710 2 |a Association for Computing Machinery. 
853 |a INST  |b SAMOS  |c SER 
922 |a 3ΕΛΗ  |b 199902  |c ΚΕΝΤΡΙΚΗ ΒΙΒΛΙΟΘΗΚΗ  |d SWETS